00510 2200169 4500001002100000005001700021008004100038035002400079082001200103090001200115100002000127245008400147260004600231300001700277650003400294990001200328YOGYA-0612000000089920120613202659.0 ind  0010-061200000000897 a839.308 a839.308 aVooys, C G N De aHetterkundig leesboek / C G N De Vooys, J.H. Van Den Bosch, en D.D.C. Tinbergen aDen HaagbJ.B. Walters um-groningenc1923 ajil 2c21 cm aKesusastraan Belanda-kumpulan a45951-a